Statystyki dla Państwa Obu Ameryk i ich stolice - Dla Kolegi Ignacego

Kliknij tutaj aby rozwiązać quiz!

Ogólne statystyki

  • Ten quiz został rozwiązany 580 razy
  • Średni wynik to 15 z 17

Statystyki odpowiedzi

StolicaOdpowiedz% Poprawnych
BrasíliaBrazylia
99%
MeksykMeksyk
99%
WaszyngtonStany Zjednoczone
99%
Buenos AiresArgentyna
98%
OttawaKanada
98%
PanamaPanama
97%
SantiagoChile
94%
BogotaKolumbia
94%
LimaPeru
94%
HavanaKuba
93%
MontevideoUrugwaj
92%
CaracasWenezuela
90%
San SalvadorSalwador
85%
QuitoEkwador
84%
KingstonJamajka
81%
SucreBoliwia
79%
ParamariboSurinam
63%

Rozkład punktacji

Percentyl według liczby udzielonych odpowiedzi

Procent ludzi z każdym wynikiem

Twoja historia wyników

Nie rozwiązałeś tego quizu